000 00683nam a2200241Ia 4500
003 OSt
005 20221007110952.0
006 a|||||r|||| 00| 0
007 ta
008 221006b |||||||| |||| 00| 0 eng d
024 _a22,288
037 _cTextual
040 _aLCO
_cLCO
_beng
041 _2eng
_aeng
100 _aNarula Priya
_9708148
245 0 _aCompaign Against Sexual Harassment at the Workplace
260 _aMumbai
_bIndia Centre fore Human Rights and Law India
_c2002
300 _a124
650 _aSEXUAL HARASSMENT
_9601764
700 _a Sluggett Catherine
_9708149
942 _cTEXL
999 _c1191851
_d1191851